LIBRARY & INFORMATION CENTRE, KCAET, TAVANUR

ONLINE PUBLIC ACCESS CATALOGUE (OPAC)

Estimating and Planing for Engineering Production / (Record no. 3257)

MARC details
000 -LEADER
fixed length control field 00379cam a2200145ua 4500
041 ## - LANGUAGE CODE
Language code of text/sound track or separate title eng
082 ## - DEWEY DECIMAL CLASSIFICATION NUMBER
Classification number 692.5
Item number HOU/ES
100 ## - MAIN ENTRY--AUTHOR NAME
Personal name Houghten, P S .
245 ## - TITLE STATEMENT
Title Estimating and Planing for Engineering Production /
260 ## - PUBLICATION, DISTRIBUTION, ETC. (IMPRINT)
Place of publication :
Name of publisher Blaekie and Son Ltd ,
Year of publication 1950.
300 ## - PHYSICAL DESCRIPTION
Number of Pages 366 ; .
942 ## - ADDED ENTRY ELEMENTS (KOHA)
Koha item type Books
Holdings
Withdrawn status Lost status Damaged status Home library Current library Date acquired Full call number Accession Number Koha item type
      KAUAET KAUAET 07/04/2012 692.5 3497 Books
free website counter